Veľká kuchárska kniha oddelenej stravy (Record no. 20834)
[ view plain ]
| 000 -LEADER | |
|---|---|
| fixed length control field | 01599nam a2200409 a 4500 |
| 001 - CONTROL NUMBER | |
| control field | 20834 |
| 003 - CONTROL NUMBER IDENTIFIER | |
| control field | VRT |
| 005 - DATE AND TIME OF LATEST TRANSACTION | |
| control field | 20260204173643.0 |
| 008 - FIXED-LENGTH DATA ELEMENTS--GENERAL INFORMATION | |
| fixed length control field | 240318s1994 xo slo |
| 020 ## - INTERNATIONAL STANDARD BOOK NUMBER | |
| International Standard Book Number | 8085186772 |
| Qualifying information | (viaz.) |
| Terms of availability | 185.00 |
| 035 ## - SYSTEM CONTROL NUMBER | |
| System control number | SKPK9836 |
| 035 ## - SYSTEM CONTROL NUMBER | |
| System control number | urn:nbn:sk:snk-amljxz |
| 035 ## - SYSTEM CONTROL NUMBER | |
| System control number | urn:nbn:sk:snk-am00bnwx |
| 035 ## - SYSTEM CONTROL NUMBER | |
| System control number | 17EDF8E4-C7BA-4849-9C76-0C97D611AE03 |
| 039 #9 - LEVEL OF BIBLIOGRAPHIC CONTROL AND CODING DETAIL [OBSOLETE] | |
| Level of rules in bibliographic description | 202403181818 |
| Level of effort used to assign nonsubject heading access points | VLOAD |
| Level of effort used to assign subject headings | 202203112053 |
| Level of effort used to assign classification | AUTHORITY |
| Level of effort used to assign subject headings | 202103031952 |
| Level of effort used to assign classification | AUTHORITY |
| Level of effort used to assign subject headings | 201707060740 |
| Level of effort used to assign classification | VLOAD |
| 040 ## - CATALOGING SOURCE | |
| Original cataloging agency | SKPK |
| Language of cataloging | slo |
| Transcribing agency | SKPK |
| 041 1# - LANGUAGE CODE | |
| Language code of text/sound track or separate title | slo |
| Language code of original | eng |
| 044 ## - COUNTRY OF PUBLISHING/PRODUCING ENTITY CODE | |
| MARC country code | xo |
| ISO country code | SK |
| 080 ## - UNIVERSAL DECIMAL CLASSIFICATION NUMBER | |
| Universal Decimal Classification number | 641.5(083.12) |
| Edition identifier | 1981 |
| 100 1# - MAIN ENTRY--PERSONAL NAME | |
| Personal name | Summ, Ursula, |
| Dates associated with a name | 1947- |
| Relationship | aut |
| 245 10 - TITLE STATEMENT | |
| Title | Veľká kuchárska kniha oddelenej stravy |
| Remainder of title | nové recepty s prehľadom hlavných potravín oddelenej stravy |
| Statement of responsibility, etc. | Ursula Summová ; [z anglického originálu prel. Alžbeta Stančevová] |
| 260 ## - PUBLICATION, DISTRIBUTION, ETC. | |
| Place of publication, distribution, etc. | Martin |
| Name of publisher, distributor, etc. | Neografia |
| Date of publication, distribution, etc. | 1994 |
| 300 ## - PHYSICAL DESCRIPTION | |
| Extent | 127 s. viaz. |
| 490 1# - SERIES STATEMENT | |
| Series statement | Zdravie a št©Ưhla l©Ưnia pod♯¾a Dr. Haya |
| 650 07 - SUBJECT ADDED ENTRY--TOPICAL TERM | |
| Topical term or geographic name entry element | oddelená strava |
| Source of heading or term | SKPK |
| 650 07 - SUBJECT ADDED ENTRY--TOPICAL TERM | |
| Topical term or geographic name entry element | jedlá |
| Source of heading or term | SKPK |
| 650 07 - SUBJECT ADDED ENTRY--TOPICAL TERM | |
| Topical term or geographic name entry element | recepty Ursuly Summovej |
| Source of heading or term | SKPK |
| 650 07 - SUBJECT ADDED ENTRY--TOPICAL TERM | |
| Topical term or geographic name entry element | kuchárske knihy |
| Source of heading or term | SKPK |
| 700 1# - ADDED ENTRY--PERSONAL NAME | |
| Personal name | Stančevová, Alžbeta |
| Relationship | trl |
| 830 #0 - SERIES ADDED ENTRY--UNIFORM TITLE | |
| Uniform title | Zdravie a št©Ưhla l©Ưnia pod♯¾a Dr. Haya |
| 942 ## - ADDED ENTRY ELEMENTS (KOHA) | |
| Source of classification or shelving scheme | Dewey Decimal Classification |
| Koha item type | Odborná literatúra pre dospelých |
| Suppress in OPAC | No |
| 949 ## - LOCAL PROCESSING INFORMATION (OCLC) | |
| a | svkpoC 29853 |
| b | svkpo406904 |
| o | PV 897/95 |
| s | 6720:20051205 |
| 949 ## - LOCAL PROCESSING INFORMATION (OCLC) | |
| 6 | 270001000026605 |
| a | svkbbC 36978 |
| p | 589.820 |
| 949 ## - LOCAL PROCESSING INFORMATION (OCLC) | |
| 6 | 17A0035439 |
| 9 | P60, <04>, [BOOK], {604} |
| a | snkSB 53428 D1 |
| 949 ## - LOCAL PROCESSING INFORMATION (OCLC) | |
| 6 | 17A0558675 |
| a | snkSB 53428 |
| b | snkKSP 634/95 |
| o | náhrada, originál |
| s | 6100:20160606 |
| Stav vyradenia | Strata | Poškodenie | Spôsob nadobudnutia | Domovská knižnica | Aktuálna knižnica | Dátum nadobudnutia | Total checkouts | Čiarový kód exemplára | Date last seen | Date last checked out | Typ exemplára |
|---|---|---|---|---|---|---|---|---|---|---|---|
| Dar | Obecná knižnica Folkušová | Obecná knižnica Folkušová | 04.02.2026 | 1 | 4734401013 | 25.03.2026 | 04.02.2026 | Odborná literatúra pre dospelých |
